[Event "Solingen-ch 2012"]
[Site "Solingen"]
[Date "2012.11.09"]
[Round "5.11"]
[White "Falge, Rainer"]
[Black "Weyer, Norbert"]
[Result "0-1"]
[WhiteElo "1721"]
[BlackElo "1519"]
[PlyCount "120"]
[EventDate "2012.??.??"]
[WhiteTeam "SG Solingen"]
[BlackTeam "Mettmann-Sport"]

1. e4 c5 2. f4 d6 3. Nf3 Nc6 4. Bc4 e6 5. O-O a6 6. a4 Nf6 7. e5 dxe5 8. fxe5
Nxe5 9. Ba2 Bd6 10. d3 h6 11. Qe2 Nxf3+ 12. Qxf3 Qc7 13. h3 Rb8 14. Bf4 Bxf4
15. Qxf4 Qxf4 16. Rxf4 Bd7 17. Nc3 O-O 18. Raf1 b5 19. axb5 axb5 20. Ne4 Nxe4
21. Rxe4 Rb6 22. Re5 Rc8 23. Re4 Rd6 24. Ref4 f6 25. Re4 Kh7 26. Rfe1 e5 27.
Bb1 Bf5 28. R4e2 b4 29. g4 Bg6 30. h4 Rd4 31. Rg2 Kg8 32. g5 Kh7 33. gxf6 gxf6
34. Ba2 Rxh4 35. Re3 Rh5 36. Kf1 Ra8 37. Bd5 Rd8 38. Be6 Rd4 39. Ke1 Rdh4 40.
Bd5 Rg5 41. Rf2 Kg7 42. Ref3 Rg1+ 43. Kd2 Bh5 44. Rf1 Rxf1 45. Rxf1 Rh2+ 46.
Kc1 Bg4 47. Rg1 h5 48. Be6 Rh4 49. Kb1 Kh6 50. Rf1 Kg5 51. Bd5 Rh2 52. Rc1 f5
53. Ka2 f4 54. Kb3 f3 55. Bxf3 Bxf3 56. Kc4 e4 57. d4 cxd4 58. Kxd4 Rd2+ 59.
Kc4 Rd1 60. Rxd1 Bxd1 0-1

[Event "Solingen-ch 2012"]
[Site "Solingen"]
[Date "2012.11.09"]
[Round "5.12"]
[White "Barche, Uwe"]
[Black "Sherif, Amina"]
[Result "0-1"]
[WhiteElo "1112"]
[BlackElo "1565"]
[PlyCount "43"]
[EventDate "2012.??.??"]
[WhiteTeam "SG Solingen"]
[BlackTeam "SG Solingen"]

1. c4 e5 2. g3 Nc6 3. Nc3 f5 4. e3 Nf6 5. Bg2 Bb4 6. Nd5 O-O 7. Ne2 Nxd5 8.
cxd5 Ne7 9. O-O d6 10. a3 Ba5 11. b4 Bb6 12. Bb2 Qe8 13. Rc1 Bd7 14. Qb3 Ba4
15. Qc3 Bb5 16. d3 Qf7 17. Qb3 Bd7 18. a4 a5 19. bxa5 Rxa5 20. Bc3 Bxa4 21. Qb2
Raa8 22. f4 0-1

[Event "Solingen-ch 2012"]
[Site "Solingen"]
[Date "2012.11.09"]
[Round "5.13"]
[White "Brinkmann, Katharina"]
[Black "Barche, Robert"]
[Result "1-0"]
[WhiteElo "1545"]
[BlackElo "1107"]
[PlyCount "45"]
[EventDate "2012.??.??"]
[WhiteTeam "SF Köln-Mülheim"]
[BlackTeam "SG Solingen"]

1. d4 b6 2. c4 Bb7 3. Nc3 e6 4. e4 Bb4 5. Bd3 d5 6. cxd5 exd5 7. e5 c5 8. Bb5+
Nd7 9. Nge2 a6 10. Ba4 b5 11. Bc2 Nxe5 12. dxe5 d4 13. O-O dxc3 14. Nxc3 Qe7
15. Bf4 Qe6 16. Ne4 Qc6 17. Nd6+ Ke7 18. Be4 Qb6 19. Nxb7 Rb8 20. Nd6 Rd8 21.
Qh5 g6 22. Qh4+ f6 23. Bxg6 1-0

[Event "Solingen-ch 2012"]
[Site "Solingen"]
[Date "2012.11.09"]
[Round "5.14"]
[White "Schubert, Stefan"]
[Black "Nguyen, Philipp"]
[Result "0-1"]
[WhiteElo "983"]
[BlackElo "1527"]
[PlyCount "56"]
[EventDate "2012.??.??"]
[WhiteTeam "SG Solingen"]
[BlackTeam "SG Solingen"]

1. d4 Nf6 2. f4 g6 3. e3 Bg7 4. Bd3 d6 5. Ne2 O-O 6. O-O Nc6 7. Bd2 e5 8. Nbc3
Re8 9. f5 e4 10. Bc4 Na5 11. b3 d5 12. Nxd5 Nxd5 13. Bxa5 Nxe3 14. Bxf7+ Kxf7
15. fxg6+ Kg8 16. gxh7+ Kh8 17. Qd2 Nxf1 18. Rxf1 b6 19. Bc3 Rf8 20. Rxf8+ Qxf8
21. Nf4 Kxh7 22. Qf2 Bh6 23. Bd2 Qf6 24. g3 Bg4 25. Qe3 Bf3 26. h3 Rg8 27. Qe1
Bxf4 28. Bxf4 Qxf4 0-1

[Event "Solingen-ch 2012"]
[Site "Solingen"]
[Date "2012.11.09"]
[Round "5.15"]
[White "Nink, Niklas"]
[Black "Mix, Lothar"]
[Result "1-0"]
[WhiteElo "978"]
[BlackElo "1456"]
[PlyCount "59"]
[EventDate "2012.??.??"]
[WhiteTeam "SG Solingen"]
[BlackTeam "SG Solingen"]

1. e4 c5 2. Nc3 e5 3. Nf3 d6 4. Bc4 Be7 5. Nd5 a6 6. a4 Nd7 7. c3 Nb6 8. Nxe7
Qxe7 9. Bb3 c4 10. a5 cxb3 11. axb6 Be6 12. d4 Bc4 13. d5 Qd7 14. Be3 h6 15.
Nd2 Qb5 16. Ra5 Qxa5 17. Nxc4 Qa4 18. Nxd6+ Kd7 19. Nxb7 Qb5 20. Qg4+ Ke7 21.
Bc5+ Qxc5 22. Nxc5 Nf6 23. Qd1 Rhd8 24. Qxb3 Rab8 25. Nxa6 Rb7 26. Qb4+ Ke8 27.
Nc5 Rbb8 28. b7 Nd7 29. Na6 Rxb7 30. Qxb7 1-0

[Event "Solingen-ch 2012"]
[Site "Solingen"]
[Date "2012.11.09"]
[Round "5.16"]
[White "Kopernok, Ingo"]
[Black "Wolf, Wieland"]
[Result "1/2-1/2"]
[WhiteElo "824"]
[BlackElo "1370"]
[PlyCount "136"]
[EventDate "2012.??.??"]
[WhiteTeam "SG Solingen"]
[BlackTeam "SG Solingen"]

1. e4 e6 2. Nc3 d5 3. exd5 exd5 4. d4 Nf6 5. Be2 Bb4 6. Bd2 O-O 7. Nf3 h6 8.
O-O Bf5 9. a3 Ba5 10. Bd3 Bxd3 11. cxd3 c6 12. Na4 Nbd7 13. Qe1 Bc7 14. Nc5
Nxc5 15. dxc5 Re8 16. Qd1 Nd7 17. d4 Qf6 18. Bc3 Qg6 19. Re1 Re4 20. g3 Rae8
21. Kh1 Nf6 22. Qd2 Qh5 23. Kg2 Nh7 24. Rxe4 dxe4 25. Ng1 Ng5 26. Qe3 Re6 27.
d5 cxd5 28. Rd1 Nh7 29. Qd4 Nf6 30. Re1 Be5 31. Qb4 d4 32. Bxd4 Bxd4 33. Qxd4
Qd5 34. Qxd5 Nxd5 35. b4 Nf6 36. Nh3 g5 37. Rd1 Kg7 38. Ng1 e3 39. Kf1 Ng4 40.
f3 Ne5 41. Ke2 Nc4 42. Rd3 Re7 43. Rc3 Nd2 44. Rxe3 Rxe3+ 45. Kxe3 Nb1 46. a4
Nc3 47. Kd4 Nxa4 48. Ne2 Nb2 49. Nc3 Kf6 50. Kd5 Ke7 51. b5 Kd7 52. c6+ Kc7 53.
Ke5 bxc6 54. bxc6 Kxc6 55. Kf6 Nd3 56. Kxf7 Ne1 57. f4 gxf4 58. gxf4 Nf3 59. h3
h5 60. Kg6 h4 61. Kh5 a5 62. Kg4 Nd4 63. f5 Kd7 64. Kf4 Ke7 65. Ke4 Nc6 66. Kf4
Kf6 67. Kg4 Nd4 68. Kxh4 Nxf5+ 1/2-1/2

[Event "Solingen-ch 2012"]
[Site "Solingen"]
[Date "2012.11.09"]
[Round "5.18"]
[White "Ehringfeld, Michael"]
[Black "Sherif, Malik"]
[Result "1/2-1/2"]
[WhiteElo "1367"]
[BlackElo "1361"]
[PlyCount "63"]
[EventDate "2012.??.??"]
[WhiteTeam "SG Solingen"]
[BlackTeam "SG Solingen"]

1. d4 d5 2. Nf3 Nf6 3. h3 Bf5 4. Bf4 Nc6 5. a3 e6 6. e3 a6 7. Bd3 Bxd3 8. Qxd3
Bd6 9. Bxd6 Qxd6 10. Nbd2 O-O 11. c4 Rfe8 12. c5 Qe7 13. O-O e5 14. dxe5 Nxe5
15. Nxe5 Qxe5 16. b4 Qe6 17. Nf3 Qe4 18. Qe2 d4 19. Nd2 Qe6 20. Rfe1 dxe3 21.
fxe3 Nd5 22. Nc4 Rad8 23. Qc2 Qf6 24. Rad1 Qc3 25. Qe2 Re4 26. Rd4 Rxd4 27.
exd4 h6 28. Rd1 Nf4 29. Qe3 Qxe3+ 30. Nxe3 Nd5 31. Nxd5 Rxd5 32. Kf2 1/2-1/2

[Event "Solingen-ch 2012"]
[Site "Solingen"]
[Date "2012.11.09"]
[Round "5.19"]
[White "Littek, Oliver"]
[Black "Kirschbaum, Alexander"]
[Result "0-1"]
[WhiteElo "826"]
[BlackElo "1450"]
[PlyCount "50"]
[EventDate "2012.??.??"]
[WhiteTeam "SG Solingen"]
[BlackTeam "SG Solingen"]

1. e4 e5 2. Nf3 Nc6 3. Nc3 Nf6 4. Bc4 Nxe4 5. Nxe4 d5 6. Bxd5 Qxd5 7. Nc3 Qd8
8. O-O Bd6 9. Re1 O-O 10. d4 exd4 11. Nxd4 Nxd4 12. Qxd4 Bxh2+ 13. Kxh2 Qxd4
14. Be3 Qg4 15. Nd5 Qh5+ 16. Kg1 Qxd5 17. Red1 Qf5 18. Rac1 Qg6 19. Re1 Bh3 20.
Kf1 Bxg2+ 21. Ke2 Rad8 22. Red1 Qg4+ 23. Ke1 Bf3 24. Rxd8 Rxd8 25. c3 Qg1# 0-1

[Event "Solingen-ch 2012"]
[Site "Solingen"]
[Date "2012.11.09"]
[Round "5.20"]
[White "Möller, Laura"]
[Black "Schubert, Florian"]
[Result "1-0"]
[WhiteElo "918"]
[BlackElo "750"]
[PlyCount "45"]
[EventDate "2012.??.??"]
[WhiteTeam "SG Solingen"]
[BlackTeam "SG Solingen"]

1. c4 e5 2. Nc3 f5 3. d3 Nf6 4. g3 Be7 5. Bg2 Nc6 6. e4 Nd4 7. Nf3 O-O 8. Nxe5
d6 9. Nf3 c5 10. O-O b6 11. Nxd4 cxd4 12. e5 Ne4 13. dxe4 dxc3 14. exf5 cxb2
15. Bxb2 d5 16. Bxd5+ Kh8 17. Bxa8 Bxf5 18. Qxd8 Rxd8 19. Bd5 b5 20. Bf7 bxc4
21. Bxc4 Rc8 22. Rac1 Bg5 23. f4 1-0

[Event "Solingen-ch 2012"]
[Site "Solingen"]
[Date "2012.11.23"]
[Round "6.1"]
[White "Neumair, Jerome"]
[Black "Kniest, Oliver"]
[Result "1/2-1/2"]
[WhiteElo "2077"]
[BlackElo "2289"]
[PlyCount "140"]
[EventDate "2012.??.??"]
[WhiteTeam "SG Solingen"]
[BlackTeam "SG Solingen"]

1. d4 Nf6 2. c4 g6 3. Nc3 d5 4. Bg5 Ne4 5. Bh4 Nxc3 6. bxc3 dxc4 7. e3 Be6 8.
Nf3 Nd7 9. Be2 Nb6 10. O-O Bg7 11. e4 O-O 12. Qc1 h6 13. Nd2 c5 14. d5 Bd7 15.
Rb1 Na4 16. Bxc4 b5 17. Rxb5 Bxb5 18. Bxb5 Nxc3 19. Bc4 Rb8 20. Qa3 Rb2 21. e5
Rxd2 22. Qxc3 Rd4 23. Bg3 Qb6 24. a3 h5 25. h3 Bh6 26. Qc2 Kh7 27. f4 f5 28.
Rb1 Rxc4 29. Rxb6 Rxc2 30. Rb7 Re8 31. d6 Kg8 32. d7 Rd8 33. e6 Bg7 34. Rxa7
Bd4+ 35. Kf1 Rb2 36. Rc7 Kg7 37. Bh4 Kf8 38. Be1 Rbb8 39. Ba5 Kg7 40. Rc6 Rf8
41. Bc7 Ra8 42. a4 Bc3 43. Rxc5 Bb4 44. Rb5 Ba3 45. Be5+ Kg8 46. a5 Rfd8 47.
Rb7 Rxa5 48. Rb8 Ra8 49. Rxd8+ Rxd8 50. Bc7 Ra8 51. d8=Q+ Rxd8 52. Bxd8 Kg7 53.
Ba5 Kf6 54. Bc3+ Kxe6 55. Ke2 Kd5 56. Kf3 Kc4 57. Bg7 Bc1 58. Be5 Kd3 59. h4
Be3 60. g3 Bd4 61. Bc7 Kd2 62. Ba5+ Bc3 63. Bb6 Ke1 64. Bc5 e6 65. Bb6 Kf1 66.
Bc5 e5 67. fxe5 Bxe5 68. Be3 Ke1 69. Bc5 Kd2 70. Bb6 Kd3 1/2-1/2

[Event "Solingen-ch 2012"]
[Site "Solingen"]
[Date "2012.11.23"]
[Round "6.2"]
[White "Kappelt, Jörg"]
[Black "Görke, Joachim"]
[Result "1-0"]
[WhiteElo "2174"]
[BlackElo "2149"]
[PlyCount "121"]
[EventDate "2012.??.??"]
[WhiteTeam "SV 1922 Hilden"]
[BlackTeam "SG Solingen"]

1. e4 e6 2. d4 d5 3. Nc3 Nf6 4. Bg5 Be7 5. e5 Nfd7 6. h4 a6 7. Qg4 f5 8. Qh5+
g6 9. Qh6 Bxg5 10. Qxg5 Qxg5 11. hxg5 c5 12. f4 Nc6 13. Nf3 Nxd4 14. Nxd4 cxd4
15. Ne2 Nb8 16. Nxd4 Nc6 17. Nb3 O-O 18. Rh3 b6 19. O-O-O Bb7 20. Kb1 Rad8 21.
Nd4 Nxd4 22. Rxd4 b5 23. a4 Bc6 24. axb5 Bxb5 25. Bxb5 axb5 26. Rb3 Rb8 27.
Rdb4 h6 28. gxh6 Kh7 29. Rxb5 Rxb5 30. Rxb5 Kxh6 31. Rb3 g5 32. Rh3+ Kg6 33.
Rg3 g4 34. Rc3 Ra8 35. b3 Rb8 36. g3 Kf7 37. Kb2 Ke7 38. Rc7+ Kd8 39. Rc5 Kd7
40. c4 d4 41. Ra5 Rh8 42. b4 Rh2+ 43. Kc1 Rf2 44. Ra6 Rf3 45. Rd6+ Kc7 46. Rxd4
Rxg3 47. Kd2 Rb3 48. c5 g3 49. Ke2 g2 50. Kf2 Rb2+ 51. Kg1 Kb7 52. Rc4 Kc6 53.
Kh2 Ra2 54. Rd4 Kb5 55. Rd6 Kxb4 56. c6 Rc2 57. Rxe6 Rc4 58. Rf6 Rxf4 59. e6
Rg4 60. Kg1 Rg8 61. e7 1-0

[Event "Solingen-ch 2012"]
[Site "Solingen"]
[Date "2012.11.23"]
[Round "6.4"]
[White "Boschek, Dr. Hans-Joachim"]
[Black "Vranidis, Athanassios"]
[Result "1/2-1/2"]
[WhiteElo "1931"]
[BlackElo "1870"]
[PlyCount "69"]
[EventDate "2012.??.??"]
[WhiteTeam "SV 1922 Hilden"]
[BlackTeam "SG Solingen"]

1. d4 Nf6 2. c4 e6 3. Nc3 d5 4. cxd5 exd5 5. Bg5 Be7 6. e3 Nbd7 7. Bd3 O-O 8.
Qc2 c6 9. Nge2 Re8 10. O-O Nf8 11. Ng3 g6 12. f3 Ne6 13. Bxf6 Bxf6 14. f4 Ng7
15. Rae1 Bh4 16. f5 Bxg3 17. fxg6 Bxh2+ 18. Kxh2 hxg6 19. Qf2 Bf5 20. e4 dxe4
21. Bxe4 Bxe4 22. Qxf7+ Kh8 23. Rh1 Bf5 24. Kg3+ Nh5+ 25. Rxh5+ gxh5 26. Rxe8+
Qxe8 27. Qxf5 Qe1+ 28. Kh2 Qh4+ 29. Kg1 Qxd4+ 30. Kh2 Qh4+ 31. Kg1 Rg8 32. Qe5+
Rg7 33. Ne4 Qe1+ 34. Kh2 Qh4+ 35. Kg1 1/2-1/2

[Event "Solingen-ch 2012"]
[Site "Solingen"]
[Date "2012.11.23"]
[Round "6.5"]
[White "Speck, Stefan"]
[Black "Skiber, Friedel"]
[Result "1-0"]
[WhiteElo "1994"]
[BlackElo "1770"]
[PlyCount "67"]
[EventDate "2012.??.??"]
[WhiteTeam "SC Solingen 1928"]
[BlackTeam "SG Solingen"]

1. d4 Nf6 2. c4 g6 3. Nc3 Bg7 4. e4 d6 5. Be2 O-O 6. Bg5 Na6 7. Qd2 Qe8 8. h4
h5 9. f3 e5 10. d5 Nh7 11. Bh6 f5 12. Bxg7 Kxg7 13. exf5 Bxf5 14. g4 Bd7 15.
Nh3 Qe7 16. O-O-O Nc5 17. b4 Na4 18. Nxa4 Bxa4 19. Rdg1 hxg4 20. Rxg4 Bd7 21.
Rgg1 Bf5 22. h5 Rf6 23. Nf2 e4 24. hxg6 e3 25. Rxh7+ Kf8 26. Qd4 exf2 27. Rgh1
Rxg6 28. Rxe7 Kxe7 29. Qxf2 Rag8 30. Qxa7 Rg2 31. Re1 Kd7 32. Qxb7 Re8 33. Qc6+
Kd8 34. Qxe8+ 1-0

[Event "Solingen-ch 2012"]
[Site "Solingen"]
[Date "2012.11.23"]
[Round "6.6"]
[White "Sherif, Amina"]
[Black "Zolfagharian, Kevin"]
[Result "0-1"]
[WhiteElo "1565"]
[BlackElo "1981"]
[PlyCount "78"]
[EventDate "2012.??.??"]
[WhiteTeam "SG Solingen"]
[BlackTeam "SG Solingen"]

1. e4 c5 2. Nc3 Nc6 3. f4 a6 4. Nf3 b5 5. g3 e6 6. Bg2 Bb7 7. O-O Be7 8. d3 d5
9. e5 h5 10. h3 Nh6 11. Kh2 Nf5 12. Re1 Qb6 13. Qe2 Ncd4 14. Nxd4 cxd4 15. Nd1
Rh6 16. Bf3 g6 17. Bd2 Kd7 18. Rg1 Rc8 19. Rc1 b4 20. Re1 Qd8 21. Rg1 g5 22.
Bxh5 gxf4 23. Bxf4 Bg5 24. Bg4 Bxf4 25. gxf4 Qh4 26. Qe1 Qe7 27. Bxf5 exf5 28.
Qg3 Rch8 29. Nf2 Rh4 30. Qg5 Qxg5 31. fxg5 Ke6 32. Rce1 Bc8 33. g6 Ke7 34. gxf7
Kxf7 35. Kg2 f4 36. Rh1 Rg8+ 37. Kh2 Bxh3 38. Nxh3 Rg3 39. e6+ Ke7 0-1

[Event "Solingen-ch 2012"]
[Site "Solingen"]
[Date "2012.11.23"]
[Round "6.8"]
[White "Mentzel, Markus"]
[Black "Große-Hering, Peter"]
[Result "0-1"]
[WhiteElo "1874"]
[BlackElo "1928"]
[PlyCount "74"]
[EventDate "2012.??.??"]
[WhiteTeam "vereinslos"]
[BlackTeam "SV Horst-Emscher 31"]

1. d4 Nf6 2. c4 g6 3. Nf3 Bg7 4. g3 O-O 5. Bg2 d6 6. O-O Nc6 7. Nc3 a6 8. Re1
Rb8 9. Rb1 b5 10. cxb5 axb5 11. b4 e5 12. d5 Ne7 13. e4 Bd7 14. Nd2 Ne8 15. Nb3
f5 16. f3 Nf6 17. Qd3 h6 18. Na5 g5 19. h3 Qe8 20. g4 fxg4 21. fxg4 Ng6 22. Ne2
Nf4 23. Bxf4 gxf4 24. Bf3 Qg6 25. Kf2 h5 26. gxh5 Nxh5 27. Rg1 Qf6 28. Ke1 Kh8
29. Kd2 Ng3 30. Nxg3 fxg3 31. Rbf1 Bh6+ 32. Ke2 Bf4 33. Bg2 Kg7 34. Qf3 Rh8 35.
Rh1 Rh4 36. Rc1 Bxc1 37. Qxf6+ Kxf6 0-1

[Event "Solingen-ch 2012"]
[Site "Solingen"]
[Date "2012.11.23"]
[Round "6.9"]
[White "Andrä, Philipp"]
[Black "Maj, Kornel"]
[Result "1/2-1/2"]
[WhiteElo "1894"]
[BlackElo "1755"]
[PlyCount "77"]
[EventDate "2012.??.??"]
[WhiteTeam "SG Solingen"]
[BlackTeam "ESG 1851"]

1. e4 Nf6 2. e5 Nd5 3. c4 Nb6 4. Nc3 d6 5. exd6 exd6 6. b3 g6 7. Bb2 Bg7 8. Qc2
O-O 9. O-O-O Nc6 10. Nge2 a5 11. a3 a4 12. Nxa4 Bxb2+ 13. Kxb2 Nxa4+ 14. bxa4
Qf6+ 15. Ka2 Qxf2 16. Nc3 Bf5 17. Qb2 Qc5 18. Nd5 Nd4 19. Ne7+ Kh8 20. Nxf5
gxf5 21. Re1 Rxa4 22. Re3 Rfa8 23. Rc3 Kg8 24. Bd3 R8a6 25. Re1 Kf8 26. Rb3 d5
27. Rc1 dxc4 28. Rbc3 Nb3 29. Rxb3 cxb3+ 30. Kb1 Qxa3 31. Qh8+ Ke7 32. Rxc7+
Kd6 33. Qd8+ Ke5 34. Qe8+ Re6 35. Qb5+ Kd4 36. Rd7+ Rd6 37. Qb6+ Kxd3 38. Rxd6+
Ke2 39. Qe3+ 1/2-1/2

[Event "Solingen-ch 2012"]
[Site "Solingen"]
[Date "2012.11.23"]
[Round "6.10"]
[White "Brinkmann, Katharina"]
[Black "Rist, Kurt"]
[Result "1-0"]
[WhiteElo "1545"]
[BlackElo "1665"]
[PlyCount "39"]
[EventDate "2012.??.??"]
[WhiteTeam "SF Köln-Mülheim"]
[BlackTeam "SG Solingen"]

1. d4 d5 2. c4 c6 3. e3 e6 4. Nc3 f5 5. Nf3 Nd7 6. cxd5 exd5 7. Bd3 g6 8. O-O
Bg7 9. Re1 Ngf6 10. Ng5 Qe7 11. e4 fxe4 12. Ngxe4 dxe4 13. Bxe4 Nxe4 14. Rxe4
Qxe4 15. Nxe4 O-O 16. Qb3+ Kh8 17. d5 Re8 18. f3 Bd4+ 19. Be3 Nc5 20. Bxd4+ 1-0

[Event "Solingen-ch 2012"]
[Site "Solingen"]
[Date "2012.11.23"]
[Round "6.11"]
[White "Nguyen, Philipp"]
[Black "Nettekoven, Dr. Wolfgang"]
[Result "0-1"]
[WhiteElo "1527"]
[BlackElo "1776"]
[PlyCount "96"]
[EventDate "2012.??.??"]
[WhiteTeam "SG Solingen"]
[BlackTeam "Pulheimer SC"]

1. e4 c5 2. Nf3 d6 3. d4 cxd4 4. Nxd4 Nf6 5. Nc3 a6 6. Bg5 e6 7. f4 Qc7 8. Bxf6
gxf6 9. Qd2 Bd7 10. O-O-O Nc6 11. Be2 h5 12. h3 O-O-O 13. g4 hxg4 14. hxg4 Bh6
15. Kb1 Nxd4 16. Qxd4 Bxf4 17. Rxh8 Rxh8 18. Qxf6 Be5 19. Qf3 f6 20. Rd3 Kb8
21. Nd1 Rc8 22. Ne3 Bb5 23. Rb3 Ba4 24. Rb4 Bxc2+ 25. Ka1 Bd3 26. Bxd3 Qc1+ 27.
Bb1 a5 28. Rb3 a4 29. Rb4 a3 30. Qe2 axb2+ 31. Rxb2 Bxb2+ 32. Qxb2 Qxe3 33.
Qxf6 Qc3+ 34. Qxc3 Rxc3 35. g5 e5 36. Kb2 Rg3 37. g6 Rxg6 38. Kc3 Kc7 39. Kc4
Rg2 40. Kb3 Rd2 41. Kc3 Rd4 42. Bc2 d5 43. exd5 Rxd5 44. Bb3 Rd4 45. Bc4 Kd6
46. Bb3 b5 47. a3 Kc5 48. Kc2 e4 0-1

[Event "Solingen-ch 2012"]
[Site "Solingen"]
[Date "2012.11.23"]
[Round "6.12"]
[White "Porstmann, Jan"]
[Black "Nink, Niklas"]
[Result "1-0"]
[WhiteElo "1894"]
[BlackElo "978"]
[PlyCount "45"]
[EventDate "2012.??.??"]
[WhiteTeam "SG Solingen"]
[BlackTeam "SG Solingen"]

1. e4 c5 2. Nf3 d6 3. d4 cxd4 4. Nxd4 Nf6 5. Nc3 a6 6. Be3 e6 7. f3 Be7 8. Qd2
O-O 9. O-O-O b5 10. g4 b4 11. Nce2 a5 12. h4 Qc7 13. Kb1 Nc6 14. Nxc6 Qxc6 15.
Nd4 Qb7 16. h5 a4 17. g5 Nd7 18. g6 h6 19. Bxh6 gxh6 20. Qxh6 Nf6 21. g7 Nh7
22. gxf8=Q+ Bxf8 23. Rg1+ 1-0

[Event "Solingen-ch 2012"]
[Site "Solingen"]
[Date "2012.11.23"]
[Round "6.13"]
[White "Wolf, Wieland"]
[Black "Falge, Rainer"]
[Result "1/2-1/2"]
[WhiteElo "1370"]
[BlackElo "1721"]
[PlyCount "116"]
[EventDate "2012.??.??"]
[WhiteTeam "SG Solingen"]
[BlackTeam "SG Solingen"]

1. e4 d6 2. Nf3 Nf6 3. Nc3 g6 4. g3 Bg7 5. Bg2 O-O 6. O-O e5 7. d3 Ne8 8. Bd2
h6 9. Qc1 Kh7 10. Rb1 Be6 11. a3 c6 12. d4 exd4 13. Ne2 c5 14. b4 Bc4 15. Re1
d3 16. Nf4 dxc2 17. Qxc2 b5 18. bxc5 dxc5 19. Be3 Qc7 20. Nd2 Nd6 21. e5 Nb7
22. Nxc4 Nc6 23. Nd2 Rab8 24. Rxb5 Nxe5 25. Bxb7 Rxb7 26. Rxc5 Qb8 27. Nh5 Rb2
28. Qe4 f5 29. Qh4 Rxd2 30. Rxe5 gxh5 31. Bxd2 Bxe5 32. Qxh5 Bg7 33. Bb4 Rg8
34. Qxf5+ Kh8 35. Qb1 Bd4 36. Bd2 Rxg3+ 37. Kf1 Qxb1 38. Rxb1 Rxa3 39. Bxh6 Ra2
40. Be3 Bxe3 41. fxe3 Rxh2 42. Rb8+ Kg7 43. Rb7+ Kf6 44. Rxa7 Kf5 45. Rf7+ Ke4
46. Rf2 Rxf2+ 47. Kxf2 Ke5 48. Kf3 Kf5 49. e4+ Ke5 50. Ke3 Ke6 51. Kd4 Kd6 52.
e5+ Ke6 53. Ke4 Ke7 54. Kd5 Kd7 55. e6+ Ke8 56. Kd6 Kd8 57. Ke5 Ke8 58. Kf6 Kf8
1/2-1/2

[Event "Solingen-ch 2012"]
[Site "Solingen"]
[Date "2012.11.23"]
[Round "6.15"]
[White "Barche, Uwe"]
[Black "Kopernok, Ingo"]
[Result "0-1"]
[WhiteElo "1112"]
[BlackElo "824"]
[PlyCount "148"]
[EventDate "2012.??.??"]
[WhiteTeam "SG Solingen"]
[BlackTeam "SG Solingen"]

1. c4 d6 2. g3 g6 3. Bg2 Bg7 4. e4 Nf6 5. Ne2 O-O 6. d3 e5 7. Nbc3 c5 8. O-O
Bg4 9. a4 a6 10. b3 Nc6 11. Bb2 Qb6 12. Qc2 Nd4 13. Nxd4 cxd4 14. Nb1 Qc7 15.
Ba3 Rfd8 16. Nd2 Qc8 17. b4 Bh3 18. f3 Bh6 19. Kh1 Bxg2+ 20. Kxg2 Rd7 21. Nb3
Nh5 22. Rac1 Bxc1 23. Rxc1 Ng7 24. c5 Rc7 25. Qd2 dxc5 26. bxc5 Ne6 27. Rc2 Kg7
28. h4 h6 29. Bc1 g5 30. hxg5 hxg5 31. Na5 f6 32. Nc4 Rxc5 33. Ba3 Rc6 34. a5
Qd8 35. Rb2 Ra7 36. Nd6 Rxd6 37. Bxd6 Qxd6 38. Rb4 Nd8 39. Qb2 Qc5 40. f4 Kg6
41. fxg5 fxg5 42. Rb6+ Nc6 43. g4 Qxa5 44. Qb3 Qd2+ 45. Kf1 Qf4+ 46. Ke1 Qxg4
47. Qg8+ Kf6 48. Qf8+ Kg6 49. Qg8+ Kf6 50. Qf8+ Kg6 51. Qg8+ Kf6 52. Qh8+ Ke7
53. Qg7+ Kd6 54. Qf8+ Kc7 55. Rxc6+ bxc6 56. Qe7+ Qd7 57. Qb4 g4 58. Qa5+ Kb8
59. Qxe5+ Qc7 60. Qxd4 Rb7 61. Qh8+ Ka7 62. Qd4+ Rb6 63. e5 c5 64. Qe3 Rb1+ 65.
Kf2 Qf7+ 66. Kg3 Qf3+ 67. Qxf3 gxf3 68. Kxf3 Kb7 69. Ke4 Kc7 70. Kd5 Rc1 71.
Ke6 Kd8 72. Kd6 a5 73. e6 a4 74. Ke5 Ke8 0-1

[Event "Solingen-ch 2012"]
[Site "Solingen"]
[Date "2012.11.23"]
[Round "6.16"]
[White "Kaiser, Stephan"]
[Black "Ehringfeld, Michael"]
[Result "1-0"]
[WhiteElo "1484"]
[BlackElo "1367"]
[PlyCount "113"]
[EventDate "2012.??.??"]
[WhiteTeam "SG Solingen"]
[BlackTeam "SG Solingen"]

1. d4 d5 2. c4 c6 3. Nc3 Nf6 4. Bg5 e6 5. e3 Be7 6. Nf3 Nbd7 7. Bd3 Qb6 8. Qc2
Qd8 9. O-O b6 10. Rac1 Bb7 11. h3 h6 12. Bf4 O-O 13. a3 dxc4 14. Bxc4 b5 15.
Be2 a6 16. Nd2 Nd5 17. Bg3 c5 18. dxc5 Bxc5 19. Bf3 N7b6 20. Rfd1 Rc8 21. Qb1
Qe7 22. Nde4 Nxc3 23. Rxc3 Bxe4 24. Bxe4 Rfd8 25. Rcd3 Rxd3 26. Qxd3 f5 27. Bf3
Nc4 28. Qc3 Bb6 29. Be2 e5 30. Bxc4+ Rxc4 31. Qxe5 Qxe5 32. Bxe5 Kf7 33. Rd6
Rc1+ 34. Kh2 Bc7 35. Rd7+ Ke6 36. Rxc7 Rxc7 37. Bxc7 g5 38. g4 fxg4 39. hxg4
Kd5 40. Kg3 Ke4 41. Bd6 a5 42. Bf8 Ke5 43. Bxh6 Kf6 44. f4 gxf4+ 45. exf4 Kg6
46. Bg5 a4 47. Be7 Kf7 48. Bb4 Kg6 49. Bc3 Kf7 50. f5 Kg8 51. Kf4 Kh7 52. g5
Kg8 53. g6 Kf8 54. Kg5 Kg8 55. f6 b4 56. f7+ Kf8 57. Bxb4+ 1-0

[Event "Solingen-ch 2012"]
[Site "Solingen"]
[Date "2012.11.23"]
[Round "6.17"]
[White "Barche, Robert"]
[Black "Mix, Lothar"]
[Result "1-0"]
[WhiteElo "1107"]
[BlackElo "1456"]
[PlyCount "95"]
[EventDate "2012.??.??"]
[WhiteTeam "SG Solingen"]
[BlackTeam "SG Solingen"]

1. c4 c5 2. g3 Nf6 3. Bg2 e5 4. Nc3 Nc6 5. e3 Be7 6. Nge2 d6 7. d4 cxd4 8. exd4
exd4 9. Nxd4 Nxd4 10. Qxd4 O-O 11. O-O Nd7 12. Ne4 Qb6 13. Rd1 Nc5 14. b3 Nxe4
15. Qxb6 axb6 16. Bxe4 f5 17. Bg2 Bf6 18. Rb1 Rxa2 19. Rxd6 Be7 20. Rd1 Bc5 21.
Rf1 Re8 22. Bf4 h6 23. b4 Bd4 24. c5 Ree2 25. Bd5+ Kh7 26. Bxa2 Rxa2 27. Rbd1
bxc5 28. bxc5 Bxc5 29. Rd2 Ra8 30. Rd8 b6 31. Rc1 Bb7 32. Rxa8 Bxa8 33. Bc7 Be4
34. Kf1 h5 35. h4 Bc6 36. Ke2 Bb5+ 37. Ke1 Bb4+ 38. Kd1 Ba4+ 39. Ke2 Bb5+ 40.
Kf3 Bc5 41. Rb1 Bc6+ 42. Ke2 Be4 43. Rb2 Bd4 44. Rb5 Bc6 45. Rxf5 Kh6 46. Rf4
Bb2 47. Rb4 Bd4 48. Rxd4 1-0

[Event "Solingen-ch 2012"]
[Site "Solingen"]
[Date "2012.11.23"]
[Round "6.18"]
[White "Kirschbaum, Alexander"]
[Black "Schubert, Stefan"]
[Result "0-1"]
[WhiteElo "1450"]
[BlackElo "983"]
[PlyCount "92"]
[EventDate "2012.??.??"]
[WhiteTeam "SG Solingen"]
[BlackTeam "SG Solingen"]

1. e4 e5 2. Nf3 Nc6 3. Bb5 Nge7 4. O-O g6 5. c3 Bg7 6. d4 O-O 7. d5 a6 8. Bd3
Na7 9. a4 d6 10. Bg5 f6 11. Be3 c6 12. c4 Bd7 13. Nc3 f5 14. exf5 Nxf5 15. Bxf5
Bxf5 16. c5 Nc8 17. dxc6 bxc6 18. Qb3+ Rf7 19. Ng5 Qd7 20. cxd6 Nxd6 21. Rad1
Qb7 22. Qa2 h6 23. Nxf7 Nxf7 24. f4 Kh7 25. fxe5 Nxe5 26. Bd4 Rd8 27. Bxe5 Qb6+
28. Kh1 Rxd1 29. Rxd1 Bxe5 30. Qf7+ Bg7 31. b3 h5 32. Qe7 Qxb3 33. Rc1 Qb2 34.
Qe1 Qb4 35. h3 Bh6 36. Ra1 Bg7 37. Rc1 Qb7 38. Qf2 c5 39. Qxc5 Bxh3 40. Qf2 Qc6
41. Qg3 Bd7 42. Qe1 Bc8 43. Ne4 Qd7 44. Nc5 Qg4 45. Qe8 Qh4+ 46. Kg1 Bd4+ 0-1

[Event "Solingen-ch 2012"]
[Site "Solingen"]
[Date "2012.11.23"]
[Round "6.19"]
[White "Sherif, Malik"]
[Black "Schubert, Florian"]
[Result "1-0"]
[WhiteElo "1361"]
[BlackElo "750"]
[PlyCount "45"]
[EventDate "2012.??.??"]
[WhiteTeam "SG Solingen"]
[BlackTeam "SG Solingen"]

1. Nf3 Nc6 2. d4 d5 3. g3 Nf6 4. Bf4 Bg4 5. Bg2 e6 6. Nc3 Ne4 7. O-O f6 8. Nb5
a6 9. Nxc7+ Kf7 10. Nxa8 Qxa8 11. c3 g5 12. Bc1 Bd6 13. Nd2 Re8 14. Nxe4 dxe4
15. Bxe4 e5 16. d5 f5 17. Bxf5 Bxf5 18. dxc6 Rd8 19. Bxg5 b6 20. Bxd8 Qxc6 21.
e3 Bh3 22. Qh5+ Kg7 23. Qxh3 1-0